|
|
|
|
| LEADER |
00000cam a2200000 4500 |
| 001 |
vtls011889151 |
| 003 |
SK-MaSNL |
| 005 |
20260302093231.0 |
| 008 |
210624s2019 xo alm crnp 000 0 slo |
| 015 |
|
|
|a SNBA2020/10
|
| 020 |
|
|
|a 9788010034598
|q (brožované)
|
| 035 |
|
|
|a urn:nbn:sk:snk-am00eo35
|
| 035 |
|
|
|a urn:nbn:sk:snk-am3ilbl
|
| 035 |
|
|
|a A236F695-0044-449F-8259-E7CA1023E146
|
| 040 |
|
|
|a SNK
|b slo
|c SNK
|e rda
|
| 041 |
0 |
|
|a slo
|
| 044 |
|
|
|a xo
|c SK
|
| 072 |
|
7 |
|a 007
|x Teória systémov. Automatické systémy. Kybernetika. Informačné systémy
|2 konspekt
|
| 080 |
|
|
|a 007+004
|2 2011
|
| 080 |
|
|
|a 159.954
|2 2011
|
| 080 |
|
|
|a 004.92:659.2
|2 2011
|
| 080 |
|
|
|a (075.2)
|2 2011
|
| 080 |
|
|
|a (075.3)
|2 2011
|
| 100 |
1 |
|
|a Kalaš, Ivan,
|d 1957-
|4 aut
|9 99347
|
| 245 |
1 |
0 |
|a Tvorivá informatika
|n 1. zošit o prezentáciách
|c Ivan Kalaš a kolektív
|
| 250 |
|
|
|a Druhé vydanie
|
| 264 |
|
1 |
|a Bratislava
|b Slovenské pedagogické nakladateľstvo - Mladé letá, s.r.o.
|c 2019
|
| 300 |
|
|
|a 48 strán
|b ilustrácie, vzory
|c 30 cm
|e 1 CD-ROM
|
| 336 |
|
|
|a text
|b txt
|2 rdacontent
|
| 337 |
|
|
|a bez média
|b n
|2 rdamedia
|
| 337 |
|
|
|a počítač
|b c
|2 rdamedia
|
| 338 |
|
|
|a zväzok
|b nc
|2 rdacarrier
|
| 338 |
|
|
|a počítačový disk
|b cd
|2 rdacarrier
|
| 504 |
|
|
|a Obsahuje bibliografiu na strane 48
|
| 650 |
0 |
7 |
|a informatika
|2 SNKPH
|9 1124
|
| 650 |
0 |
7 |
|a kreativita
|2 SNKPH
|9 4339
|
| 650 |
0 |
7 |
|a Information science
|2 SNKPHeng
|9 266046
|
| 650 |
0 |
7 |
|a Creative ability
|2 SNKPHeng
|9 274857
|
| 650 |
0 |
7 |
|a Presentation graphics
|2 SNKPHeng
|9 344388
|
| 650 |
0 |
7 |
|a prezentačná grafika
|2 SNKPH
|9 66616
|
| 655 |
|
7 |
|a učebnice základných škôl
|2 SNKPH
|9 70187
|
| 655 |
|
7 |
|a učebnice stredných škôl
|2 SNKPH
|9 69323
|
| 655 |
|
7 |
|a Textbooks (elementary)
|2 SNKPHeng
|9 276977
|
| 655 |
|
7 |
|a Textbooks (secondary)
|2 SNKPHeng
|9 276359
|
| 700 |
1 |
|
|a Hrušecká, Andrea,
|d 1976-
|4 aut
|9 224716
|
| 700 |
1 |
|
|a Hrušecký, Roman,
|d 1976-
|4 aut
|9 224723
|
| 700 |
1 |
|
|a Tomcsányová, Monika
|4 aut
|9 763832
|
| 919 |
|
|
|a 978-80-10-03459-8
|
| 958 |
|
|
|a NB
|
| 999 |
|
|
|c 1208024
|d 1209954
|
| 952 |
|
|
|a SNK
|b SNK
|y PREZ
|7 0
|p 17A1390991
|o snkSB 94727
|i snk2019/26729
|8 0
|0 0
|1 0
|4 0
|d 2019-10-21
|f 1
|l 0
|r 2025-05-14 00:00:00
|w 2026-02-24
|
| 952 |
|
|
|a SNK
|b SNK
|y VYP
|7 0
|p 17A1390993
|o snkSB 94727 D1
|i snk2019/26730
|8 0
|0 0
|1 0
|4 0
|d 2019-10-21
|l 0
|r 2026-02-24 23:03:41
|w 2026-02-24
|
| 952 |
|
|
|a SNK
|b SNK
|y PREZ
|7 0
|p 17A1390992
|o snkSB 94727/príl.
|i snk2019/26729
|8 0
|z CD príloha
|0 0
|1 0
|4 0
|d 2019-10-21
|f 2
|l 0
|r 2025-05-14 00:00:00
|w 2026-02-24
|
| 952 |
|
|
|a SNK
|b SNK
|y PREZ
|7 0
|p 17A1390994
|o snkSB 94727/príl. D1
|i snk2019/26730
|8 0
|z CD príloha
|0 0
|1 0
|4 0
|d 2019-10-21
|l 0
|r 2026-02-24 23:03:41
|w 2026-02-24
|